Normal view MARC view
  • Newstrom, John W.

Entry Personal Name

Number of records used in: 7

001 - CONTROL NUMBER

  • control field: 2810

003 - CONTROL NUMBER IDENTIFIER

  • control field: OSt

005 - DATE AND TIME OF LATEST TRANSACTION

  • control field: 20170509145849.0

008 - FIXED-LENGTH DATA ELEMENTS

  • fixed length control field: 170509|| aca||aabn | a|a d

040 ## - CATALOGING SOURCE

  • Original cataloging agency: OSt
  • Transcribing agency: OSt

100 ## - HEADING--PERSONAL NAME

  • Personal name: Newstrom, John W.

670 ## - SOURCE DATA FOUND

  • Source citation: Work cat.: (OSt)0: Scannell, Edward E. 2806, Still more games trainers play :, 1991
Pusat Sumber Maklumat Dato' Haji Sarmin Md Hussin, Akademi Kastam Diraja Malaysia, Melaka
Tel: 06-2331106 | Faks: 06-2313787